000 00530cam a22002171 4500
001 10266149
005 20180215045837.0
008 720331s1955 nyua 000 0 eng
010 _a 55006092
035 _a(OCoLC)274261
040 _aDLC
_cOClU
_dOCoLC
_dDLC
041 _aeng
042 _apremarc
080 _a330.973 SMI
082 _a330.973 SMI
100 1 _a52
101 _aEKO
245 1 0 _aEconomic history of the United States.
906 _a7
_bcbc
_coclcrpl
_du
_encip
_f19
_gy-gencatlg
942 _2ddc
_cBK
999 _c42621
_d42621